Catálogo
 En Linea

La máquina del tiempo. / (Registro nro. 34135)

Detalles MARC
000 -CABECERA
campo de control de longitud fija 00884nam a2200253 a 4500
001 - NÚMERO DE CONTROL
campo de control 000034644
005 - FECHA Y HORA DE LA ÚLTIMA TRANSACCIÓN
campo de control 20200930073820.0
008 - DATOS DE LONGITUD FIJA--INFORMACIÓN GENERAL
campo de control de longitud fija 111012s2008 ck a 000 0 spa d
020 ## - NÚMERO INTERNACIONAL ESTÁNDAR DEL LIBRO
Número Internacional Estándar del Libro 9789583006630
040 ## - FUENTE DE LA CATALOGACIÓN
Centro catalogador/agencia de origen DO-SdBNP
Lengua de catalogación spa
Centro/agencia transcriptor BNPHU
082 ## - NÚMERO DE LA CLASIFICACIÓN DECIMAL DEWEY
Número de clasificación xxxx
Número de documento/Ítem W447m
100 1# - ENTRADA PRINCIPAL--NOMBRE DE PERSONA
Nombre de persona Well, H. G.,
Fechas asociadas al nombre 1866-1946
9 (RLIN) 60074
240 13 - TÍTULO UNIFORME
Título uniforme The time machine
Lenguaje de la obra Español
245 13 - MENCIÓN DE TÍTULO
Título La máquina del tiempo. /
Mención de responsabilidad, etc. Herbert George Wells; traducción Enrique Santos Molano; ilustraciones Jorge Alberto Ávila.
260 ## - PUBLICACIÓN, DISTRIBUCIÓN, ETC.
Lugar de publicación, distribución, etc. Bogotá :
Nombre del editor, distribuidor, etc. Panamericana Editorial,
Fecha de publicación, distribución, etc. 2008.
300 ## - DESCRIPCIÓN FÍSICA
Extensión 175 p. :
Otras características físicas ils ;
Dimensiones 21 cm.
490 1# - MENCIÓN DE SERIE
Mención de serie Literatura juvenil
500 ## - NOTA GENERAL
Nota general Sexta reimpresión
500 ## - NOTA GENERAL
Nota general Traducido del inglés
500 ## - NOTA GENERAL
Nota general Incluye notas al pie de las páginas
700 1# - PUNTO DE ACCESO ADICIONAL--NOMBRE DE PERSONA
Nombre de persona Santos Molano, Enrique,
Término indicativo de función/relación tr.
9 (RLIN) 60075
700 1# - PUNTO DE ACCESO ADICIONAL--NOMBRE DE PERSONA
Nombre de persona Ávila, Jorge Alberto,
Término indicativo de función/relación il.
9 (RLIN) 60076
830 #0 - PUNTO DE ACCESO ADICIONAL DE SERIE-TÍTULO UNIFORME
Título uniforme Literatura juvenil
9 (RLIN) 59362
Existencias
Estado de retiro Estado de pérdida Restricciones de uso No para préstamo Código de colección Localización permanente Ubicación/localización actual Ubicación en estantería Fecha de adquisición Número de inventario Total de préstamos Signatura topográfica completa Código de barras Fecha visto por última vez Número de copia Precio válido a partir de Tipo de ítem Koha
        Monografías: Libros y Folletos General General Depósito 12.10.2011 LF1   xxxx W447m 34644-30 25.06.2020 e. 3 25.06.2020 Préstamo en sala
      Excluido de préstamo Monografías: Libros y Folletos Patrimonio Dominicano Patrimonio Dominicano Depósito 12.10.2011 LF1   xxxx W447m 34644-10 25.06.2020   25.06.2020 No se presta
      Excluido de préstamo Monografías: Libros y Folletos Patrimonio Dominicano Patrimonio Dominicano Depósito 12.10.2011 LF1   xxxx W447m 34644-20 25.06.2020 e. 2 25.06.2020 No se presta

Con tecnología Koha